Beiträge zur rationellen Anwendung der Datenverarbeitung in Kombinaten und Betrieben

Gespeichert in:
Bibliographische Detailangaben
Format: Buch
Sprache:Deutsch
Veröffentlicht: Berlin Hochschule für Ökonomie "Bruno Leuschner" 1981
Schriftenreihe:Forschungsinformationen der Sektion Leitung, Informationsverarbeitung und Statistik Heft 4(1981/6)
Tags: Tag hinzufügen
Keine Tags, Fügen Sie das erste Tag hinzu!

MARC

LEADER 00000nam a2200000 4500
001 c127642
005 20221207064620.5
041 0 |a ger 
044 |a DE 
245 1 0 |a Beiträge zur rationellen Anwendung der Datenverarbeitung in Kombinaten und Betrieben 
264 1 |a Berlin  |b Hochschule für Ökonomie "Bruno Leuschner"  |c 1981 
300 |a 120 s. 
490 1 |a Forschungsinformationen der Sektion Leitung, Informationsverarbeitung und Statistik  |v Heft 4(1981/6) 
830 0 |a Forschungsinformationen der Sektion Leitung, Informationsverarbeitung und Statistik  |v Heft 4(1981/6)